| Tag |
First Indicator |
Second Indicator |
Subfields |
| LEADER |
00000cam a2200000Ia 4500 |
| 001 |
in00002020105 |
| 005 |
20201014150312.0 |
| 008 |
041217s2004 flu b 001 0 eng d |
| 020 |
|
|
|a 1887988181
|
| 035 |
|
|
|a (OCoLC)ocm57256385
|
| 040 |
|
|
|a CAW
|c CAW
|d TXA
|d UtOrBLW
|
| 049 |
|
|
|a TXAM
|
| 090 |
|
|
|a QL513.M9
|b S73 2004
|
| 100 |
1 |
|
|a Stange, Lionel A.
|q (Lionel Alvin)
|
| 245 |
1 |
2 |
|a A systematic catalog, bibliography, and classification of the world antlions (Insecta:Neuroptera:Myrmeleontidae) /
|c by Lionel A. Stange.
|
| 246 |
3 |
|
|a Systematic catalog, bibliography, and classification of the world ant lions (Insecta:Neuroptera:Myrmeleontidae)
|
| 264 |
|
1 |
|a Gainesville, FL :
|b American Entomological Institute,
|c 2004.
|
| 300 |
|
|
|a 565 pages ;
|c 27 cm.
|
| 336 |
|
|
|a text
|b txt
|2 rdacontent
|
| 337 |
|
|
|a unmediated
|b n
|2 rdamedia
|
| 338 |
|
|
|a volume
|b nc
|2 rdacarrier
|
| 490 |
1 |
|
|a Memoirs of the American Entomological Institute ;
|v v. 74
|
| 504 |
|
|
|a Includes bibliographical references (pages 394-525) and indexes.
|
| 650 |
|
0 |
|a Ant lions
|v Classification.
|
| 650 |
|
0 |
|a Ant lions
|v Identification.
|
| 650 |
|
0 |
|a Ant lions
|v Bibliography.
|
| 830 |
|
0 |
|a Memoirs of the American Entomological Institute ;
|v no. 74.
|
| 994 |
|
|
|a C0
|b TXA
|
| 948 |
|
|
|a cataloged
|b h
|c 2005/1/19
|d c
|e blrosas
|f 10:29:28 am
|
| 999 |
|
|
|a MARS
|
| 999 |
f |
f |
|s aa01d6ae-51fe-3c5c-8842-66696ab25ced
|i 44daa2fa-c335-30c0-bc40-ae83fa129935
|t 0
|
| 952 |
f |
f |
|p normal
|a Texas A&M University
|b College Station
|c Sterling C. Evans Library
|d Evans: Library Stacks
|t 0
|e QL513.M9 S73 2004
|h Library of Congress classification
|i unmediated -- volume
|m A14831699033
|
| 998 |
f |
f |
|a QL513.M9 S73 2004
|t 0
|l Evans: Library Stacks
|